| 000 | 00519nam a22001457a 4500 | ||
|---|---|---|---|
| 005 | 2012041904314.0 | ||
| 020 |
_a8123009720 _c135.00 |
||
| 035 | _aB-85615 | ||
| 037 |
_aDPL _bENG |
||
| 245 |
_aEmpowering the Indian woman / _cComp. and edited by Promilla Kapur |
||
| 260 |
_aNew Delhi _bPublication Division _c2001 |
||
| 300 |
_a440p. _c20 cms. |
||
| 942 |
_2ddc _cEN _h305.4 _mEMP |
||
| 999 |
_c65275 _d65275 |
||